Ανάλυση λειτουργίας γεωθερμικού θερμοκηπίου : πτυχιακή εργασία

Αποθηκεύτηκε σε:
Λεπτομέρειες βιβλιογραφικής εγγραφής
Κύριος συγγραφέας: Πολυκράτη, Βασιλεία
Συγγραφή απο Οργανισμό/Αρχή: Πανεπιστήμιο Αιγαίου. Σχολή Περιβάλλοντος. Τμήμα Περιβάλλοντος
Άλλοι συγγραφείς: Χαραλαμπόπουλος, Δίας (Εισηγητής διατριβής)
Μορφή: Thesis Βιβλίο
Γλώσσα:Greek
Δημοσίευση: Μυτιλήνη : Πανεπιστήμιο Αιγαίου, Τμήμα Περιβάλλοντος, Τομέας Περιβαλλοντικής Μηχανικής, 1994
Θέματα:
Διαθέσιμο Online:http://hdl.handle.net/11610/9908
Ετικέτες: Προσθήκη ετικέτας
Δεν υπάρχουν, Καταχωρήστε ετικέτα πρώτοι!

MARC

LEADER 00000cam a2200000 i 4500
001 1/4749
008 000601s1994 gre d
035 |l 10061329 
040 |a GR-MY-UA  |b gre  |e aacr 
041 0 |a gre 
082 0 |a 333.88  |2 (22) 
100 1 |a Πολυκράτη, Βασιλεία. 
245 1 0 |a Ανάλυση λειτουργίας γεωθερμικού θερμοκηπίου :  |b πτυχιακή εργασία /  |c Πολυκράτη Βασιλεία ; υπεύθυνος καθηγητής: Χαραλαμπόπουλος Δίας 
260 |a Μυτιλήνη :   |b Πανεπιστήμιο Αιγαίου, Τμήμα Περιβάλλοντος, Τομέας Περιβαλλοντικής Μηχανικής,   |c 1994 
300 |a 2 τ.;  |b εικ., σχ.;  |c 30 εκ. 
502 |a Πτυχιακή εργασία – Πανεπιστήμιο Αιγαίου, Λέσβος, 1994. 
650 0 0 |a Greenhouses  |x Heating and ventilation. 
650 0 0 |a Ground source heat pump systems. 
650 0 0 |a Geothermal engineering. 
650 0 0 |a Geothermal resources. 
650 0 0 |a Dissertations, Academic  |z Greece. 
700 1 |a Χαραλαμπόπουλος, Δίας.  |4 ths 
710 2 |a Πανεπιστήμιο Αιγαίου.   |b Σχολή Περιβάλλοντος.   |b Τμήμα Περιβάλλοντος. 
852 |a INST  |b LESVOS  |c DIATR  |e 20000601  |h 213α  |p 005100026104  |q 005100026104  |t DIE  |v v.1:  |y 23  |z v.1 
852 |a INST  |b LESVOS  |c DIATR  |e 20000602  |h 213β  |p 005100026103  |q 005100026103  |t DIE  |v v.2:  |y 23  |z v.2 
852 |a INST  |b LESVOS  |c DIATR  |e 20000602  |h 214α  |p 005100026101  |q 005100026101  |t DIE  |v v.2:  |y 23  |z v.2 
852 |a INST  |b LESVOS  |c DIATR  |e 20000602  |h 214α  |p 005100026102  |q 005100026102  |t DIE  |v v.1:  |y 23  |z v.1 
853 |a INST  |b LESVOS  |c DIATR  |h 213α 
853 |a INST  |b LESVOS  |c DIATR  |h 213β 
853 |a INST  |b LESVOS  |c DIATR  |h 214α 
856 |u http://hdl.handle.net/11610/9908 
901 |a BIBL1-2000-2 
909 |a Λ  |b 079038 
909 |a Λ  |b 079039 
909 |a Λ  |b 079040 
909 |a Λ  |b 079041 
924 |a ΠΟΛΥΚΡΑΤΗ  |b ΒΑΣΙΛΕΙΑ  |y ΛΕΣΒΟΣ  |z 1995-05 
970 |a ΑΙΒΑΤΖΙΔΟΥ  |b ΕΛΕΝΗ  |z 2000/06/01